[Event "SERBIA CHESS OPEN 2021 - MASTERS"]
[Site "Belgrade, Hotel Metropol"]
[Date "2021.07.04"]
[Round "4.49"]
[White "Bharath, Subramaniyam H"]
[Black "Trost, Edvin"]
[Result "1-0"]
[WhiteElo "2426"]
[BlackElo "2184"]
[PlyCount "91"]
[EventDate "2021.??.??"]

1. e4 c6 2. d4 d5 3. Nc3 dxe4 4. Nxe4 Bf5 5. Ng3 Bg6 6. h4 h6 7. N1e2 Nf6 8.
Nf4 Bh7 9. Bc4 e6 10. c3 Nbd7 11. Qe2 Bd6 12. Be3 Qe7 13. O-O-O Nb6 14. Bd3
Bxd3 15. Nxd3 Qc7 16. Nc5 Nbd5 17. Bd2 O-O-O 18. Nge4 Nxe4 19. Nxe4 Bf4 20. g3
Bxd2+ 21. Rxd2 Nf6 22. Nxf6 gxf6 23. Rhd1 b5 24. Rd3 f5 25. Kb1 Rhg8 26. Rc1
Kb7 27. c4 bxc4 28. Rxc4 Rd6 29. Qd2 h5 30. Qh6 Qd7 31. Qxh5 e5 32. Rb3+ Ka8
33. dxe5 Rd2 34. Qf3 Rc8 35. a3 Qe6 36. Rbc3 Rb8 37. Rc2 Rxc2 38. Rxc2 Kb7 39.
Rd2 Kc7 40. Qc3 f4 41. gxf4 Qf5+ 42. Qd3 Qxf4 43. Qd7+ Kb6 44. Rd4 Qxe5 45.
Rb4+ Ka5 46. Qxa7# 1-0

[Event "SERBIA CHESS OPEN 2021 - MASTERS"]
[Site "Belgrade, Hotel Metropol"]
[Date "2021.07.04"]
[Round "4.50"]
[White "Sarenac, David"]
[Black "Perunovic, Miodrag"]
[Result "1-0"]
[WhiteElo "2289"]
[BlackElo "2425"]
[PlyCount "95"]
[EventDate "2021.??.??"]

1. e4 c5 2. Nf3 d6 3. d4 cxd4 4. Nxd4 Nf6 5. Nc3 Nc6 6. Bg5 g6 7. Bxf6 exf6 8.
Bb5 Bd7 9. Qd2 Bg7 10. O-O-O O-O 11. Nb3 a6 12. Bxc6 Bxc6 13. Qxd6 f5 14. Qxd8
Raxd8 15. Rxd8 Rxd8 16. exf5 Bxg2 17. Rg1 Bf3 18. fxg6 hxg6 19. Rg3 Bh6+ 20.
Kb1 Re8 21. a4 Re1+ 22. Ka2 Bh1 23. Nc5 Bf4 24. Rh3 Rf1 25. N3e4 f5 26. Nf6+
Kf7 27. Nfd7 Ke7 28. Rh7+ Kd6 29. Nd3 Bd5+ 30. b3 Bd2 31. Kb2 b5 32. axb5 axb5
33. b4 Be4 34. N7c5 Bc6 35. h4 Rh1 36. Rg7 Be8 37. Nb7+ Ke6 38. Nbc5+ Kf6 39.
Rh7 Bc6 40. Nb3 Bh6 41. Rxh6 Kg7 42. Rxg6+ Kxg6 43. Ne5+ Kf6 44. Nxc6 Rxh4 45.
Nbd4 Rh2 46. f3 Rf2 47. Kb3 Kg5 48. Na7 1-0

[Event "SERBIA CHESS OPEN 2021 - MASTERS"]
[Site "Belgrade, Hotel Metropol"]
[Date "2021.07.04"]
[Round "4.51"]
[White "Maksimovic, Bojan"]
[Black "Zhukov, Anton"]
[Result "1-0"]
[WhiteElo "2418"]
[BlackElo "2174"]
[PlyCount "135"]
[EventDate "2021.??.??"]

1. e4 c5 2. Nf3 d6 3. d4 cxd4 4. Nxd4 Nf6 5. Nc3 a6 6. Bg5 Nbd7 7. Qe2 h6 8.
Bh4 g6 9. f4 e5 10. fxe5 dxe5 11. O-O-O Qc7 12. Nb3 b5 13. Nd5 Nxd5 14. exd5
Bd6 15. Qd2 Kf8 16. g4 Kg7 17. Qg2 b4 18. Nd2 Nc5 19. Nc4 a5 20. Be2 Ba6 21.
Rhf1 Nd7 22. Qf3 Rhe8 23. Nxd6 Qxd6 24. Bxa6 Rxa6 25. g5 h5 26. Bg3 a4 27. Kb1
Ra5 28. Rd2 f5 29. Rfd1 Nc5 30. a3 Ne4 31. axb4 Nxd2+ 32. Rxd2 Rb5 33. c3 Rd8
34. Qe2 Qd7 35. Bxe5+ Kh7 36. Bf6 Re8 37. Qc4 Rb7 38. d6 Re4 39. Qd3 Rb6 40.
Rd1 a3 41. bxa3 Re6 42. Be7 Qa4 43. Kb2 Ra6 44. Ra1 Ra7 45. Qc4 Raxe7 46. dxe7
Rxe7 47. Rc1 f4 48. Rc2 f3 49. Qd3 Qc6 50. Rf2 Rf7 51. c4 Qc7 52. Rxf3 Qxh2+
53. Kb3 Rxf3 54. Qxf3 h4 55. Qf7+ Kh8 56. Qf8+ Kh7 57. Qh6+ Kg8 58. Qxg6+ Kh8
59. Qf6+ Kg8 60. g6 Qh3+ 61. Ka4 Qd7+ 62. b5 h3 63. Qh4 Qd1+ 64. Ka5 Qd2+ 65.
Ka6 Qd6+ 66. b6 Qxa3+ 67. Kb7 Qf3+ 68. Kc7 1-0

[Event "SERBIA CHESS OPEN 2021 - MASTERS"]
[Site "Belgrade, Hotel Metropol"]
[Date "2021.07.04"]
[Round "4.52"]
[White "Heinemann, Josefine"]
[Black "Agibileg, Uurtsaikh"]
[Result "0-1"]
[WhiteElo "2285"]
[BlackElo "2413"]
[PlyCount "60"]
[EventDate "2021.??.??"]

1. e4 c5 2. Nf3 e6 3. d4 cxd4 4. Nxd4 Nc6 5. Nc3 Qc7 6. Be2 a6 7. Be3 Nf6 8.
O-O Be7 9. f4 d6 10. Qe1 O-O 11. Qg3 Nxd4 12. Bxd4 b5 13. a3 Bb7 14. Kh1 Bc6
15. Rae1 Rad8 16. Bd3 Qd7 17. Nd1 Nh5 18. Qg4 Nf6 19. Qg3 Nh5 20. Qg4 g6 21.
Nf2 f5 22. exf5 exf5 23. Qe2 Bxg2+ 24. Kg1 Bxf1 25. Qxe7 Bxd3 26. Nxd3 Rfe8 27.
Qh4 Rxe1+ 28. Qxe1 Re8 29. Qc3 Qc8 30. Qb3+ Qc4 0-1

[Event "SERBIA CHESS OPEN 2021 - MASTERS"]
[Site "Belgrade, Hotel Metropol"]
[Date "2021.07.04"]
[Round "4.53"]
[White "Balabayeva, Xeniya"]
[Black "Nguyen, Piotr"]
[Result "1/2-1/2"]
[WhiteElo "2116"]
[BlackElo "2411"]
[PlyCount "81"]
[EventDate "2021.??.??"]

1. e4 c5 2. Nf3 d6 3. Bb5+ Bd7 4. Bxd7+ Qxd7 5. O-O Nc6 6. c3 d5 7. e5 e6 8. d4
Rc8 9. Bf4 Nge7 10. Nbd2 Nf5 11. Nb3 cxd4 12. Nbxd4 Nfxd4 13. Nxd4 Bc5 14. Nb3
Bb6 15. Qg4 O-O 16. Rad1 f6 17. exf6 Rxf6 18. Bg3 Rcf8 19. Rd2 Qf7 20. c4 h5
21. Qe2 Rf5 22. c5 Bd8 23. Bd6 Re8 24. Nd4 Nxd4 25. Rxd4 e5 26. Rdd1 e4 27.
Rfe1 Ba5 28. Rf1 Bd8 29. Rfe1 Bh4 30. Rf1 Bf6 31. Rfe1 Re6 32. Qc2 g6 33. b4 a6
34. a4 Kg7 35. b5 axb5 36. axb5 Qd7 37. c6 bxc6 38. bxc6 Qc8 39. Qc5 d4 40.
Qa7+ Kh8 41. Qb7 1/2-1/2

[Event "SERBIA CHESS OPEN 2021 - MASTERS"]
[Site "Belgrade, Hotel Metropol"]
[Date "2021.07.04"]
[Round "4.54"]
[White "Babazada, Khazar"]
[Black "Nurmanova, Alua"]
[Result "1-0"]
[WhiteElo "2409"]
[BlackElo "2093"]
[PlyCount "69"]
[EventDate "2021.??.??"]

1. e4 c5 2. Nc3 d6 3. g3 Nf6 4. Bg2 Nc6 5. Nge2 g6 6. d3 Bg7 7. O-O O-O 8. h3
Rb8 9. Be3 b5 10. Qd2 b4 11. Nd1 Nd7 12. Bh6 Nd4 13. Bxg7 Kxg7 14. Ne3 Bb7 15.
a3 a5 16. axb4 axb4 17. f4 Nxe2+ 18. Qxe2 Ra8 19. Nc4 Qc7 20. Rae1 e6 21. Qf2
d5 22. exd5 Bxd5 23. f5 Nf6 24. fxe6 fxe6 25. Qe3 Rae8 26. Ne5 Qb7 27. Bxd5
Qxd5 28. Rf4 Nh5 29. Rc4 Rc8 30. d4 cxd4 31. Rxd4 Qb5 32. Rd7+ Kg8 33. Qh6 Qc5+
34. Re3 Qxe3+ 35. Qxe3 1-0

[Event "SERBIA CHESS OPEN 2021 - MASTERS"]
[Site "Belgrade, Hotel Metropol"]
[Date "2021.07.04"]
[Round "4.55"]
[White "Lundin, Jan"]
[Black "Raja, Rithvik R"]
[Result "1/2-1/2"]
[WhiteElo "2114"]
[BlackElo "2408"]
[PlyCount "80"]
[EventDate "2021.??.??"]

1. d4 Nf6 2. Nf3 d5 3. c4 e6 4. Nc3 a6 5. cxd5 exd5 6. Bg5 Be6 7. e3 Nbd7 8.
Bd3 Bd6 9. O-O O-O 10. Qc2 h6 11. Bh4 c6 12. Bg3 Bxg3 13. hxg3 Re8 14. Qd2 Qb8
15. Rac1 Qd6 16. a3 a5 17. Qc2 b5 18. a4 b4 19. Ne2 Rac8 20. Nf4 Bg4 21. Bf5
Bxf5 22. Qxf5 Ne4 23. Nd3 g6 24. Qh3 Kg7 25. Nfe5 Nxe5 26. dxe5 Qe7 27. Rfd1 c5
28. f3 Ng5 29. Qg4 Red8 30. b3 Ne6 31. Nf4 Nxf4 32. Qxf4 Qe6 33. e4 dxe4 34.
Rxd8 Rxd8 35. Rxc5 exf3 36. Qxf3 Qb6 37. Kh2 Rd7 38. Rc6 Qd8 39. e6 fxe6 40.
Rxe6 Rd3 1/2-1/2

[Event "SERBIA CHESS OPEN 2021 - MASTERS"]
[Site "Belgrade, Hotel Metropol"]
[Date "2021.07.04"]
[Round "4.57"]
[White "Sedlak, Nikola"]
[Black "Ristic, Luka"]
[Result "1-0"]
[WhiteElo "2519"]
[BlackElo "2300"]
[PlyCount "101"]
[EventDate "2021.??.??"]

1. Nf3 Nf6 2. g3 c5 3. Bg2 g6 4. b3 Bg7 5. Bb2 O-O 6. c4 Nc6 7. O-O d6 8. d4
cxd4 9. Nxd4 Qa5 10. Nxc6 bxc6 11. Bxc6 Rb8 12. Bg2 Qh5 13. Nc3 Be6 14. Rb1 Ng4
15. h3 Nf6 16. e4 Qa5 17. Qe2 Rfc8 18. Ba1 Nh5 19. Rbc1 Qg5 20. h4 Qc5 21. Kh2
Nf6 22. Nd5 Bxd5 23. exd5 h5 24. Bh3 Rc7 25. f4 a5 26. f5 a4 27. fxg6 fxg6 28.
Be6+ Kh7 29. Qd3 axb3 30. axb3 Rf8 31. Kh3 Rb7 32. Rf3 Qa3 33. Rh1 Bh8 34. Bd4
Bg7 35. g4 hxg4+ 36. Bxg4 Nxg4 37. h5 Nf6 38. Qxg6+ Kg8 39. h6 Rf7 40. Ra1 Qb4
41. Ra8+ Rb8 42. Rxb8+ Qxb8 43. Bxf6 Qc8+ 44. Kh2 exf6 45. hxg7 Qe8 46. Rg3
Qe2+ 47. Rg2 Qe5+ 48. Kh3 Qe3+ 49. Rg3 Qe8 50. Qh6 Ra7 51. Kh4 1-0

[Event "SERBIA CHESS OPEN 2021 - MASTERS"]
[Site "Belgrade, Hotel Metropol"]
[Date "2021.07.04"]
[Round "4.58"]
[White "Aditya, Mittal"]
[Black "Klasan, Vladimir"]
[Result "1-0"]
[WhiteElo "2438"]
[BlackElo "2297"]
[PlyCount "69"]
[EventDate "2021.??.??"]

1. d4 Nf6 2. c4 g6 3. Nc3 d5 4. cxd5 Nxd5 5. Bd2 Bg7 6. e4 Nb6 7. Be3 O-O 8.
Bb5 Be6 9. h4 c6 10. Be2 Nc4 11. Bxc4 Bxc4 12. Nf3 Nd7 13. h5 e5 14. Qd2 exd4
15. Bxd4 Nf6 16. O-O-O c5 17. h6 Bh8 18. Bxc5 Qxd2+ 19. Kxd2 Rfd8+ 20. Ke3 Rdc8
21. Bd4 Ng4+ 22. Kf4 Bxd4 23. Rxd4 Nxf2 24. Rb1 Nd3+ 25. Kg3 Nb4 26. a3 Nc2 27.
Rd2 Ne3 28. Kf4 Nf1 29. Rdd1 g5+ 30. Nxg5 Rc6 31. Nd5 Bxd5 32. Rxd5 Rf6+ 33.
Rf5 Rxf5+ 34. exf5 Nd2 35. Rd1 1-0

[Event "SERBIA CHESS OPEN 2021 - MASTERS"]
[Site "Belgrade, Hotel Metropol"]
[Date "2021.07.04"]
[Round "4.59"]
[White "Mohammad, Nubairshah Shaikh"]
[Black "Marn, Jan"]
[Result "1/2-1/2"]
[WhiteElo "2436"]
[BlackElo "2280"]
[PlyCount "41"]
[EventDate "2021.??.??"]

1. Nf3 d5 2. g3 Nf6 3. Bg2 g6 4. O-O Bg7 5. d4 O-O 6. c3 c6 7. Bf4 Ne4 8. Nfd2
Nd6 9. e4 dxe4 10. Nxe4 Nxe4 11. Bxe4 Nd7 12. Re1 e5 13. dxe5 Nxe5 14. Na3 Qxd1
15. Raxd1 Re8 16. Bxe5 Bxe5 17. Nc4 Bc7 18. Nd6 Bxd6 19. Rxd6 Be6 20. b3 Rad8
21. Rd3 1/2-1/2

[Event "SERBIA CHESS OPEN 2021 - MASTERS"]
[Site "Belgrade, Hotel Metropol"]
[Date "2021.07.04"]
[Round "4.60"]
[White "Tanmay, Chopra"]
[Black "Sankalp, Gupta"]
[Result "1/2-1/2"]
[WhiteElo "2273"]
[BlackElo "2429"]
[PlyCount "82"]
[EventDate "2021.??.??"]

1. Nf3 c5 2. e4 Nc6 3. Bb5 g6 4. O-O Bg7 5. c3 Nf6 6. Re1 O-O 7. h3 d5 8. e5
Ne8 9. d4 Qb6 10. a4 c4 11. b3 a6 12. Bxc6 Qxc6 13. Ba3 Qd7 14. Nbd2 b5 15.
axb5 axb5 16. Bb4 Rb8 17. Qc1 Bh6 18. e6 Qc7 19. exf7+ Rxf7 20. Ne5 Rf8 21. Re2
Nd6 22. Qd1 Bf5 23. Nf1 Ne4 24. f3 Nd6 25. Ne3 Qb7 26. Bxd6 exd6 27. N5g4 Bf4
28. Nxf5 gxf5 29. Ne3 Rbe8 30. Nc2 Qg7 31. Qe1 Qg6 32. Ne3 Qe6 33. Kf2 cxb3 34.
Rb1 Kh8 35. Nf1 Qg6 36. Rxb3 Rg8 37. Kg1 Qxg2+ 38. Rxg2 Rxe1 39. Rxg8+ Kxg8 40.
Kf2 Rc1 41. Ne3 Bxe3+ 1/2-1/2

[Event "SERBIA CHESS OPEN 2021 - MASTERS"]
[Site "Belgrade, Hotel Metropol"]
[Date "2021.07.04"]
[Round "4.61"]
[White "Peycheva, Gergana"]
[Black "Subelj, Jan"]
[Result "1/2-1/2"]
[WhiteElo "2280"]
[BlackElo "2426"]
[PlyCount "80"]
[EventDate "2021.??.??"]

1. d4 Nf6 2. c4 g6 3. Nf3 Bg7 4. e3 O-O 5. Be2 c5 6. d5 d6 7. Nc3 e6 8. e4 Re8
9. O-O exd5 10. exd5 Ne4 11. Nxe4 Rxe4 12. Qc2 Re8 13. Bg5 Qc7 14. Bd3 Bg4 15.
Nd2 Na6 16. a3 Be2 17. Bxe2 Rxe2 18. Rfe1 Re5 19. Nf3 Ree8 20. Re2 h6 21. Bf4
Rxe2 22. Qxe2 g5 23. Bd2 Qd7 24. Re1 Kf8 25. Qd3 Nc7 26. Bc3 Kg8 27. Bxg7 Kxg7
28. Qc3+ f6 29. h4 g4 30. Nh2 Re8 31. Rxe8 Nxe8 32. Qe3 f5 33. Nf1 Kg6 34. Ng3
Ng7 35. Ne2 Qd8 36. Nf4+ Kf7 37. g3 Qf6 38. Qb3 Qe7 39. Qc3 b6 40. Qd2 Qe4
1/2-1/2

[Event "SERBIA CHESS OPEN 2021 - MASTERS"]
[Site "Belgrade, Hotel Metropol"]
[Date "2021.07.04"]
[Round "4.62"]
[White "Stankovic, Milos"]
[Black "Jocev, Milan"]
[Result "1/2-1/2"]
[WhiteElo "2421"]
[BlackElo "2260"]
[PlyCount "192"]
[EventDate "2021.??.??"]

1. e4 c6 2. d4 d5 3. e5 Bf5 4. Nf3 e6 5. Be2 Ne7 6. O-O Bg6 7. Nbd2 Nf5 8. Nb3
Nd7 9. a4 Be7 10. a5 O-O 11. h3 c5 12. c4 dxc4 13. Bxc4 Nxd4 14. Nbxd4 cxd4 15.
Qxd4 Nb8 16. Qe3 Qc7 17. b3 Bb4 18. Nd4 Nc6 19. Nxc6 Qxc6 20. a6 b5 21. Be2 Be4
22. Bxb5 Qxb5 23. Qxe4 Bc3 24. Qa4 Qd3 25. Ra2 Bxe5 26. Qc4 Qxc4 27. bxc4 Rfc8
28. Ra4 Bd4 29. Rd1 Bc5 30. Be3 Bxe3 31. fxe3 Rc7 32. Rb4 g5 33. Rb7 Rxc4 34.
Rdd7 Rf8 35. Rxa7 Ra4 36. Re7 h5 37. Kf2 Ra2+ 38. Kg3 Ra3 39. Kf3 Ra4 40. g4 h4
41. Ke2 Ra3 42. Kf3 Ra4 43. Rec7 Kg7 44. Rc6 Kg6 45. Rb7 Ra8 46. Rcc7 R8xa6 47.
Rxf7 e5 48. Rg7+ Kh6 49. Rh7+ Kg6 50. Rbg7+ Kf6 51. Re7 Kg6 52. Rhg7+ Kh6 53.
Rgf7 Kg6 54. Rf5 e4+ 55. Rxe4 Rxe4 56. Kxe4 Ra4+ 57. Ke5 Ra5+ 58. Ke6 Ra6+ 59.
Kd7 Ra7+ 60. Kc6 Ra6+ 61. Kb5 Re6 62. Rf3 Re8 63. Kc6 Re5 64. Kd6 Re8 65. Kd5
Rd8+ 66. Ke4 Re8+ 67. Kd4 Rd8+ 68. Kc3 Rc8+ 69. Kd3 Rd8+ 70. Ke2 Ra8 71. Rf2
Ra2+ 72. Kf3 Ra8 73. Rb2 Rf8+ 74. Ke2 Rf6 75. Rb5 Ra6 76. Kf3 Ra2 77. Ke4 Rh2
78. Rb6+ Kf7 79. Kf5 Rxh3 80. Rb7+ Kf8 81. e4 Rh1 82. Kxg5 h3 83. Rb2 h2 84.
Rf2+ Ke7 85. Kf5 Kf7 86. g5 Kg7 87. e5 Kf7 88. e6+ Kg7 89. g6 Ra1 90. Rxh2 Ra5+
91. Kf4 Kxg6 92. Re2 Rf5+ 93. Ke4 Kf6 94. e7 Re5+ 95. Kf3 Rxe2 96. Kxe2 Kxe7
1/2-1/2

[Event "SERBIA CHESS OPEN 2021 - MASTERS"]
[Site "Belgrade, Hotel Metropol"]
[Date "2021.07.04"]
[Round "4.63"]
[White "Beydullayeva, Govhar"]
[Black "Polschikov, Alexey"]
[Result "1-0"]
[WhiteElo "2264"]
[BlackElo "2420"]
[PlyCount "94"]
[EventDate "2021.??.??"]

1. Nf3 Nf6 2. c4 c5 3. Nc3 e6 4. g3 b6 5. Bg2 Bb7 6. O-O Be7 7. d4 cxd4 8. Qxd4
O-O 9. Rd1 d6 10. Bg5 Nc6 11. Qf4 Qb8 12. Bxf6 Bxf6 13. Rxd6 Na5 14. c5 bxc5
15. Rad1 Bc6 16. Qc1 Qb4 17. a3 Qb7 18. Qc2 Rab8 19. Na4 Be7 20. Rxc6 Nxc6 21.
Ne5 Nxe5 22. Bxb7 Rxb7 23. Qe4 Rd7 24. Rxd7 Nxd7 25. Qb7 Rd8 26. Qxa7 Kf8 27.
Qc7 Ke8 28. Nb6 Nxb6 29. Qxb6 Rc8 30. a4 c4 31. a5 Kd7 32. Qb5+ Rc6 33. Kg2 Bf6
34. e3 Bd8 35. h4 g6 36. Qb4 Be7 37. Qb7+ Rc7 38. Qb5+ Kc8 39. a6 h5 40. Qa4
Kb8 41. Qe8+ Ka7 42. Qxf7 Kxa6 43. Qxe6+ Ka5 44. Qxg6 Rc5 45. Qg7 Bd6 46. Qa7+
Kb5 47. Qb7+ Ka5 1-0

[Event "SERBIA CHESS OPEN 2021 - MASTERS"]
[Site "Belgrade, Hotel Metropol"]
[Date "2021.07.04"]
[Round "4.64"]
[White "Granovskiy, Alexandr"]
[Black "Milanovic, Danilo"]
[Result "0-1"]
[WhiteElo "2255"]
[BlackElo "2416"]
[PlyCount "94"]
[EventDate "2021.??.??"]

1. d4 Nf6 2. Bg5 d5 3. Bxf6 exf6 4. e3 c6 5. Nd2 Bd6 6. g3 O-O 7. Bg2 f5 8. Ne2
Nd7 9. O-O Nf6 10. c4 dxc4 11. Nxc4 Bc7 12. Rc1 Re8 13. Qd3 Be6 14. Rfd1 Qe7
15. a3 Rad8 16. b4 h5 17. Na5 Bc8 18. Nb3 Bd6 19. Nc3 h4 20. b5 c5 21. d5 Ng4
22. Ne2 Ne5 23. Qc3 c4 24. Nbd4 Bxa3 25. Ra1 Bc5 26. Rf1 Qd6 27. Rad1 Qf6 28.
Nf3 Nxf3+ 29. Bxf3 Qxc3 30. Nxc3 Bd7 31. Rb1 Bd6 32. Rfc1 Rc8 33. Ra1 Bc5 34.
Ra4 Rxe3 35. fxe3 Bxe3+ 36. Kg2 Bxc1 37. Rxa7 Bd2 38. Rxb7 Be8 39. d6 Bxc3 40.
d7 Bxd7 41. Rxd7 Ba5 42. Bc6 c3 43. Rd5 hxg3 44. hxg3 g6 45. Rc5 Rd8 46. Kh3
Rd3 47. Bd5 c2 0-1

[Event "SERBIA CHESS OPEN 2021 - MASTERS"]
[Site "Belgrade, Hotel Metropol"]
[Date "2021.07.04"]
[Round "4.65"]
[White "Cvitan, Ena"]
[Black "Akshat, Khamparia"]
[Result "1-0"]
[WhiteElo "2255"]
[BlackElo "2406"]
[PlyCount "69"]
[EventDate "2021.??.??"]

1. d4 Nf6 2. c4 g6 3. Nc3 Bg7 4. e4 d6 5. h3 O-O 6. Be3 Nc6 7. d5 Ne5 8. f4
Ned7 9. g4 c6 10. Bg2 cxd5 11. cxd5 b5 12. Nge2 b4 13. Na4 Ba6 14. Nd4 Qe8 15.
Kf2 e5 16. dxe6 fxe6 17. Qb3 d5 18. exd5 exd5 19. Rhe1 Ne4+ 20. Kg1 Bc4 21. Qd1
Qf7 22. Rc1 Rac8 23. b3 Ba6 24. Nc6 Bb7 25. Bxe4 dxe4 26. Qd6 Rfe8 27. Nxa7
Rcd8 28. Rc7 Bf8 29. Qd2 Ba6 30. Nc6 Ne5 31. Qxd8 Nf3+ 32. Kf2 Rxd8 33. Rxf7
Rc8 34. Rxf8+ Kxf8 35. Bc5+ 1-0

[Event "SERBIA CHESS OPEN 2021 - MASTERS"]
[Site "Belgrade, Hotel Metropol"]
[Date "2021.07.04"]
[Round "4.66"]
[White "Sargsyan, Anna M"]
[Black "Papakonstantinou, Dimitrios"]
[Result "1-0"]
[WhiteElo "2397"]
[BlackElo "2251"]
[PlyCount "81"]
[EventDate "2021.??.??"]

1. e4 c5 2. Nf3 d6 3. d4 cxd4 4. Nxd4 Nf6 5. Nc3 a6 6. h3 g6 7. g4 Bg7 8. Be3
h5 9. g5 Nfd7 10. Qd2 O-O 11. O-O-O b5 12. f4 Bb7 13. Bg2 Nb6 14. f5 Nc4 15.
Qe2 Qa5 16. Nb3 Qc7 17. Bd4 Ne5 18. Rhf1 Nbc6 19. Be3 Rfc8 20. f6 exf6 21. gxf6
Bf8 22. Nd5 Qd8 23. Nb6 Nc4 24. Nxa8 N6e5 25. Kb1 Nxe3 26. Qxe3 Bxa8 27. Rf2
Qc7 28. Nd4 Kh7 29. Nf3 Nc4 30. Ng5+ Kg8 31. Qg3 Qc5 32. c3 b4 33. cxb4 Qxb4
34. h4 d5 35. e5 Bc5 36. Nxf7 Kxf7 37. e6+ Kxe6 38. Bh3+ Kf7 39. Bxc8 Bd6 40.
Qh3 Be5 41. Qd7+ 1-0

[Event "SERBIA CHESS OPEN 2021 - MASTERS"]
[Site "Belgrade, Hotel Metropol"]
[Date "2021.07.04"]
[Round "4.67"]
[White "Radovanovic, Nikola"]
[Black "Maksimenko, Viktor"]
[Result "1-0"]
[WhiteElo "2395"]
[BlackElo "2239"]
[PlyCount "95"]
[EventDate "2021.??.??"]

1. d4 e6 2. c4 b6 3. Nc3 Bb7 4. a3 Nf6 5. d5 exd5 6. cxd5 Bd6 7. g3 O-O 8. Bg2
Re8 9. Nf3 Na6 10. Nd4 Nc5 11. O-O Nce4 12. Nf5 Nxc3 13. bxc3 Bc5 14. c4 g6 15.
Nh6+ Kg7 16. Qd2 Ng8 17. Bb2+ f6 18. Nxg8 Kxg8 19. e4 d6 20. Kh1 c6 21. Rfe1
Rf8 22. f4 Qd7 23. Re2 Rae8 24. Rae1 b5 25. cxb5 cxd5 26. exd5 Qxb5 27. Rxe8
Rxe8 28. Rxe8+ Qxe8 29. Bxf6 Bxa3 30. Ba1 Qb5 31. Qd1 Bb2 32. Bxb2 Qxb2 33. Qe1
Kf8 34. h4 Bc8 35. Qa5 Qb6 36. Qc3 Bf5 37. Qh8+ Ke7 38. Qxh7+ Kf6 39. Qh8+ Kf7
40. Qh7+ Kf6 41. Qg8 Ke7 42. Qg7+ Ke8 43. Kh2 Bb1 44. Qg8+ Ke7 45. Qe6+ Kf8 46.
Qf6+ Ke8 47. Qe6+ Kf8 48. g4 1-0

[Event "SERBIA CHESS OPEN 2021 - MASTERS"]
[Site "Belgrade, Hotel Metropol"]
[Date "2021.07.04"]
[Round "4.68"]
[White "Megalios, Konstantinos"]
[Black "Miszler, Levente"]
[Result "1/2-1/2"]
[WhiteElo "2390"]
[BlackElo "2231"]
[PlyCount "59"]
[EventDate "2021.??.??"]

1. d4 e6 2. g3 Nf6 3. Bg2 d5 4. c4 Be7 5. Nf3 O-O 6. O-O dxc4 7. Qc2 a6 8. a4
Bd7 9. Rd1 Bc6 10. Nc3 Bxf3 11. Bxf3 Nc6 12. Bxc6 bxc6 13. a5 Rb8 14. Ra4 Rb4
15. Na2 Rxa4 16. Qxa4 Qd5 17. Nc3 Qh5 18. Qxc6 Qxa5 19. Qxc4 Rd8 20. Bf4 Bd6
21. Bxd6 cxd6 22. d5 exd5 23. Nxd5 Nxd5 24. Rxd5 Qa1+ 25. Kg2 Qxb2 26. Qxa6 g6
27. Qd3 Qb7 28. f3 Qb2 29. Qe4 Qf6 30. Qd4 1/2-1/2

[Event "SERBIA CHESS OPEN 2021 - MASTERS"]
[Site "Belgrade, Hotel Metropol"]
[Date "2021.07.04"]
[Round "4.69"]
[White "Varshini, V."]
[Black "Tadic, Stefan"]
[Result "1/2-1/2"]
[WhiteElo "2226"]
[BlackElo "2390"]
[PlyCount "93"]
[EventDate "2021.??.??"]

1. e4 Nf6 2. e5 Nd5 3. c4 Nb6 4. d4 d6 5. exd6 exd6 6. Nf3 Be7 7. Be2 O-O 8. h3
Bf5 9. Nc3 Bf6 10. O-O Nc6 11. Be3 Re8 12. Rc1 h6 13. Re1 Ne7 14. Bd3 Bg6 15.
Bxg6 Nxg6 16. Qd3 c6 17. b3 d5 18. c5 Nd7 19. b4 Ndf8 20. b5 Ne6 21. bxc6 bxc6
22. Qa6 Qd7 23. Ne2 Ne7 24. Ng3 Qc8 25. Qxc8 Rexc8 26. Rb1 Rab8 27. Kf1 Kf8 28.
Ke2 Ng6 29. Kf1 Ngf4 30. Red1 g6 31. Ne2 Nxe2 32. Kxe2 h5 33. Kd3 Ke7 34. Ng1
Bg5 35. Nf3 Bxe3 36. fxe3 f6 37. Nh4 Kf7 38. Nf3 Rh8 39. Rf1 Kg7 40. h4 Rhc8
41. Nd2 Nc7 42. Nf3 Na6 43. a3 Nc7 44. Nd2 Kf7 45. Nf3 Ke7 46. Ng1 Re8 47. Nf3
1/2-1/2

[Event "SERBIA CHESS OPEN 2021 - MASTERS"]
[Site "Belgrade, Hotel Metropol"]
[Date "2021.07.04"]
[Round "4.70"]
[White "Blagojevic, Tijana"]
[Black "Mullick, Raahil"]
[Result "1/2-1/2"]
[WhiteElo "2222"]
[BlackElo "2386"]
[PlyCount "109"]
[EventDate "2021.??.??"]

1. e4 c5 2. Nf3 d6 3. Bb5+ Nd7 4. Ba4 Ngf6 5. O-O a6 6. c4 g6 7. Nc3 Bg7 8. d3
O-O 9. h3 b6 10. Rb1 Qc7 11. Nd5 Nxd5 12. exd5 b5 13. Bc2 Nb6 14. b3 Bb7 15.
Bb2 Bxb2 16. Rxb2 e6 17. dxe6 fxe6 18. Ng5 Qe7 19. Qg4 e5 20. Bd1 Rf4 21. Qe6+
Qxe6 22. Nxe6 Rf6 23. Ng5 h6 24. Nf3 Rf4 25. b4 e4 26. bxc5 dxc5 27. dxe4 Nxc4
28. Bb3 Bxe4 29. Ne5 Kg7 30. Nxc4 bxc4 31. Bxc4 Bxg2 32. Kxg2 Rxc4 33. Rb7+ Kf6
34. Rd1 Rd4 35. Rb6+ Kf5 36. Rxd4 cxd4 37. Kf1 Ke4 38. Ke2 Rc8 39. Re6+ Kf5 40.
Rxa6 Rc2+ 41. Kf3 Rc3+ 42. Ke2 Rxh3 43. Rd6 Ke4 44. Re6+ Kf5 45. Rd6 Ke4 46.
Re6+ Kd5 47. Rxg6 h5 48. a4 Kc4 49. Rc6+ Kb4 50. Rd6 Kc5 51. Rh6 Ra3 52. Rxh5+
Kc4 53. f4 Ra2+ 54. Ke1 Ra1+ 55. Ke2 1/2-1/2

[Event "SERBIA CHESS OPEN 2021 - MASTERS"]
[Site "Belgrade, Hotel Metropol"]
[Date "2021.07.04"]
[Round "4.71"]
[White "Sharma, Isha"]
[Black "Maerevoet, Sim"]
[Result "1/2-1/2"]
[WhiteElo "2213"]
[BlackElo "2384"]
[PlyCount "96"]
[EventDate "2021.??.??"]

1. e4 c6 2. d4 d5 3. e5 Bf5 4. h4 c5 5. dxc5 Nc6 6. Bb5 Qc7 7. Nf3 e6 8. Be3
Nge7 9. Nbd2 Bg4 10. c3 Nf5 11. Bd4 Be7 12. Qa4 O-O 13. Bxc6 Qxc6 14. Qxc6 bxc6
15. Nh2 Nxd4 16. cxd4 Bf5 17. Nhf3 Rfb8 18. b3 a5 19. O-O-O a4 20. Kb2 Ra7 21.
Rhe1 Rba8 22. Ra1 Bd8 23. a3 axb3 24. Nxb3 Ra4 25. Re3 Rb8 26. Rc1 Be4 27. Ka2
Bxf3 28. Rxf3 Rba8 29. Kb2 Rxa3 30. Ra1 Rxa1 31. Nxa1 Bxh4 32. g3 Bd8 33. Rb3
f6 34. f4 fxe5 35. fxe5 h5 36. Nc2 g5 37. Nb4 Rc8 38. Nxc6 Rxc6 39. Rb8 h4 40.
Rxd8+ Kg7 41. gxh4 gxh4 42. Rb8 Ra6 43. Rb7+ Kg6 44. Rb6 Rxb6+ 45. cxb6 h3 46.
b7 h2 47. b8=Q h1=Q 48. Qf8 Qh3 1/2-1/2

[Event "SERBIA CHESS OPEN 2021 - MASTERS"]
[Site "Belgrade, Hotel Metropol"]
[Date "2021.07.04"]
[Round "4.72"]
[White "Arsovic, Goran"]
[Black "Mijatovic, Dusan"]
[Result "1-0"]
[WhiteElo "2381"]
[BlackElo "2202"]
[PlyCount "125"]
[EventDate "2021.??.??"]

1. d4 Nf6 2. Nf3 e6 3. c4 Bb4+ 4. Bd2 a5 5. Nc3 d6 6. Qc2 Nbd7 7. a3 Bxc3 8.
Bxc3 Qe7 9. e3 e5 10. Be2 a4 11. h3 c6 12. c5 exd4 13. cxd6 Qxd6 14. Nxd4 Nb6
15. Bb4 Qd8 16. Rd1 Nbd5 17. Nxc6 bxc6 18. e4 Qb6 19. exd5 Nxd5 20. Bc5 Qa5+
21. Rd2 Be6 22. O-O f6 23. Bf3 Kf7 24. Re2 Rae8 25. Rfe1 g6 26. g3 Qb5 27. h4
Qb3 28. Qxb3 axb3 29. Re4 Bd7 30. Rxe8 Rxe8 31. Rxe8 Kxe8 32. Bd1 Bc8 33. Bxb3
Ba6 34. Kg2 Be2 35. f3 Kd7 36. Bc2 Ba6 37. Kf2 Ke6 38. Bd4 Bb5 39. Ke1 f5 40.
Kd2 Ba6 41. b4 Kd6 42. Bb3 Bf1 43. Bc2 Ba6 44. h5 Ke6 45. h6 Bc4 46. Bb1 Bb5
47. Ba2 Kd6 48. g4 Ke6 49. Bb3 Ba6 50. Bc2 Bc4 51. gxf5+ gxf5 52. Ke1 Ba6 53.
Kf2 Bc4 54. Kg3 Be2 55. Bb3 Kd6 56. Bg7 Ke6 57. f4 Kf7 58. Bc2 Kg6 59. Bb3 Kf7
60. Kf2 Ba6 61. a4 Ke6 62. Be5 Bd3 63. Kf3 1-0

[Event "SERBIA CHESS OPEN 2021 - MASTERS"]
[Site "Belgrade, Hotel Metropol"]
[Date "2021.07.04"]
[Round "4.73"]
[White "Toncheva, Nadya"]
[Black "Arsovic, Zoran"]
[Result "1/2-1/2"]
[WhiteElo "2201"]
[BlackElo "2381"]
[PlyCount "46"]
[EventDate "2021.??.??"]

1. e4 c5 2. c3 d5 3. exd5 Qxd5 4. d4 Nf6 5. Nf3 e6 6. Na3 Nc6 7. Be3 cxd4 8.
Nb5 Qd7 9. Nbxd4 Nd5 10. Qc2 g6 11. O-O-O Bg7 12. Nxc6 Qxc6 13. Nd4 Qc7 14. Nb5
Qe7 15. Qe4 f5 16. Qc4 Nxe3 17. Nc7+ Kf7 18. fxe3 Rb8 19. g4 Be5 20. Nb5 Bg7
21. Nxa7 fxg4 22. Qe4 Qf6 23. Bc4 Qe5 1/2-1/2